Les départements français et leurs chefs-lieux - Statistiques

Statistiques générales
  • Ce quiz a été pris 108 fois
  • Le résultat moyen est 64 sur 101
Statistiques - réponses
NOM CHEF-LIEU % Correct
33 Gironde Bordeaux
92%
13 Bouches-du-Rhône Marseille
92%
06 Alpes-Maritimes Nice
90%
01 Ain Bourg-en-Bresse
86%
34 Hérault Montpellier
86%
35 Ile-et-Vilaine Rennes
86%
31 Haute-Garonne Toulouse
86%
2B Haute-Corse Bastia
85%
69 Rhône Lyon
85%
2A Corse-du-Sud Ajaccio
83%
29 Finistère Quimper
83%
38 Isère Grenoble
81%
59 Nord Lille
81%
44 Loire-Atlantique Nantes
81%
21 Côte-d'Or Dijon
80%
30 Gard Nîmes
78%
75 Paris Paris
78%
14 Calvados Caen
76%
85 Vendée La-Roche-sur-Yon
76%
42 Loire Saint-Etienne
76%
67 Bas-Rhin Strasbourg
76%
74 Haute-Savoie Annecy
73%
11 Aude Carcassonne
73%
08 Ardennes Charleville-Mézières
73%
05 Hautes-Alpes Gap
73%
17 Charente-Maritime La Rochelle
73%
80 Somme Amiens
71%
25 Doubs Besançon
71%
45 Loiret Orléans
71%
66 Pyrénées-Orientales Perpignan
71%
22 Côtes-d'Armor Saint-Brieuc
71%
26 Drôme Valence
71%
73 Savoie Chambéry
69%
54 Meurthe-et-Moselle Nancy
69%
76 Seine-Maritime Rouen
69%
83 Var Toulon
69%
63 Puy-de-Dôme Clermont-Ferrand
68%
57 Moselle Metz
68%
64 Pyrénées-Atlantiques Pau
68%
37 Indre-et-Loire Tours
68%
56 Morbihan Vannes
68%
49 Maine-et-Loire Angers
66%
68 Rhin Colmar
66%
04 Alpes-de-Haute-Provence Digne-les-Bains
66%
84 Vaucluse Avignon
64%
02 Aisne Laon
64%
72 Sarthe Le Mans
64%
40 Landes Mont-de-Marsan
64%
07 Ardèche Privas
64%
974 La Réunion Saint-Denis
64%
19 Corrèze Tulle
64%
62 Pas-de-Calais Arras
63%
28 Eure-et-Loir Chartres
63%
87 Haute-Vienne Limoges
63%
86 Vienne Poitiers
63%
09 Ariège Foix
61%
03 Allier Moulins
61%
12 Aveyron Rodez
61%
50 Manche Saint-Lô
61%
10 Aube Troyes
61%
16 Charente Angoulême
59%
90 Territoire-de-Belfort Belfort
59%
27 Eure Evreux
59%
972 Martinique Fort-de-France
59%
23 Creuse Guéret
59%
53 Mayenne Laval
59%
15 Cantal Aurillac
58%
18 Cher Bourges
58%
36 Indre Châteauroux
58%
78 Yvelines Versailles
58%
60 Oise Beauvais
56%
973 Guyane Cayenne
56%
24 Dordogne Périgueux
56%
79 Deux-Sèvres Niort
54%
81 Tarn Albi
53%
41 Loir-et-Cher Blois
53%
91 Essone Evry-Courcouronnes
53%
39 Jura Lons-le-Saunier
53%
58 Nièvre Nevers
53%
77 Seine-et-Marne Melun
51%
47 Lot-et-Garonne Agen
49%
32 Gers Auch
49%
43 Haute-Loire Le-Puy-en-Velay
49%
46 Lot Cahors
47%
94 Val-de-Marne Créteil
47%
65 Hautes-Pyrénées Tarbes
47%
61 Orne Alençon
46%
971 Guadeloupe Basse-Terre
46%
71 Saône-et-Loire Mâcon
46%
82 Tarn-et-Garonne Montauban
46%
92 Hauts-de-Seine Nanterre
46%
70 Haute-Saône Vesoul
46%
89 Yonne Auxerre
44%
55 Meuse Bar-le-Duc
44%
51 Marne Chalons-en-Champagne
44%
88 Vosges Epinal
44%
48 Lozère Mende
44%
976 Mayotte Mamoudzou
42%
93 Seine-Saint-Denis Bobigny
39%
52 Haute-Marne Chaumont
36%
95 Val-d'Oise Pontoise
25%
Aucun quiz correspondant
Distribution des résultats
% des personnes avec chaque résultat
Percentile par nombre de réponses
Votre historique - résultats
Vous n’avez pas pris ce quiz